000 01051naa a22002897a 4500
001 BR7804726
003 BR-BrBNA
005 20240918174138.0
007 ta
008 230509b bl.||||| |||| 00| 0 por d
040 _aBR-BrBNA
_bpor
_cBiblioteca Nacional de Agricultura
041 _a(Pt)
072 _aL00; L30
_b9410
_bG514
090 _aL00 BR7804726
100 1 _aAndrade, N. de O.
111 1 _aEncontro sobre Pecuaria Leiteira
_cSao Carlos, SP (Brazil)
_d23 Apr 1978
245 1 _aSistemas de producao de leite tipo E [Producao animal; Nutricao animal; Sao Paulo; Brasil]
260 3 _aSao Carlos, SP (Brasil):
_c1978.
500 _aAnais do Encontro sobre Pecuaria Leiteira Sao Carlos, SP (Brasil): 1978. p. 112-114 (BR7804726-AM)L00
650 _aProducao animal
650 _aNutricao animal
650 _aLeite
650 _aProducao leiteira
773 0 _tAnais do Encontro sobre Pecuaria Leiteira
_wL00 BR7804726
_gSao Carlos, SP (Brasil), 1978. p. 112-114
909 _a202404
_bLucia
_c55
_dLucia Elande
942 _cAM
_2AGRIS
999 _c309191
_d309191